00579nam a2200169 a 450000100100000000500170001000800410002704000250006808200140009324501040010726000500021130000210026170000330028270000310031570000340034670000290038000003624320200930075630.0120111s1989 cu 000 0 spa d aDO-SdBNPbspacBNPHU axxxbM29400aManual de psiquiatria :bPara el médico de la familia /cAlberto Clavijo Portieles ... [et. al.]. aLa Habana, Cuba :bCiencias Médicas,c1989. a179 p. ;c23 cm.1 aRodríguez Sánchez, Jorge1 aAlonso Betancourt, Orlando1 aDelgado Rodríguez, Lázaro1 aAlonso García, Orlando